02246nam a22002177a 450000500170000000800410001704000550005804100080011308200160012110000550013724201770019224501770036926002110054630000350075750004980079250506150129050600210190554600230192665000410194965100380199020170525094729.0130213s1896 fr |||fr|||| 00| 0 fre d cSandra Yazo (modificó)dSandra Yazo (modificó)0 afre04220a345.9441 aFrèrejouan du Saint, G.‏d1850-‏ q(Georges)00aTratado teórico-práctico sobre los Tribunales Superiorescpor G. Frèrejouan du Saint ; con la colaboración de un antiguo Presidente de la Corte Penal del Senayspa10aTraité théorique et pratique de la Cour d’Assises.cpar G. Frèrejouan du Saint ; avec la collaboration d’un ancien Président de la Cour d’Assises de la Seine. aParís (Francia)bLibraire de la Société du Recueil, general des luis et des Arrests et du journal du Palais [Librería de la Compañía de Recopilación de Leyes y Sentencias] ; bL. Laurosec1896 avi, 306 páginasc27 x 22 cm. aDetalles físicos: Encuadernación rígida (holandesa) en cartón duro, forrado en papel jaspeado. Lomo de cuero con entre nervios repujados, recuadros con textura y adornos en dorado. Guardas decoradas simulando papel de agua. Hoja de cortesía. Anteportada. Portada impresa en una sola tinta. Texto impreso en dos columnas separadas por una línea vertical, en varios tipos y tamaños de letra. Notas al pie de página. Después de las explicaciones marca tipográfica del impresor0 aFormación y composición de los Tribunales Superiores ; Competencia de esas cortes ; Procedimientos previos ; Incidentes que se pueden presentar antes de la apertura de los debates ; El nombramiento y la conformación de jurados ; Atribuciones del presidente de la corte ; Atribuciones de esta Corte ; Interrogatorio a los acusados ; Audición de testimonios ; Continuidad y suspensión de debates ; Clausura y reapertura de debates ; Preguntas al jurado ; Advertencias al jurado ; Deliberación y voto de los jurados ; Fallos y sentencias de esta Corte ; Proceso verbal ; Incidentes ; Derecho comparado aConsulta en sala aTexto en francés 7aDerecho penal xTribunales zFrancia24aFranciaxDerecho penalySiglo XIX